=LDR 00000nam 2200000 4500 =001 INLIS000000000023408 =005 20130612122057 =008 ***********************************Ind** =035 ##$$0010-061300000023408 =041 ##$$a Ind =082 ##$$a 790.19 =090 ##$$a 790.19, Par-m =100 ##$$a Paraquin, Karl Heiz =245 ##$$a umpulan permainan dan teka-teki, Main Akal-akalan para, Karl Heiz Paraquin; Alih bahasa, Idham B. Setiadi =260 ##$$a 1991 $b Jakarta =300 ##$$a viii, 192 hlm., ilus, 21 cm =650 ##$$a Permainan Anak-anak =850 ##$$a NBPNMAT